[Event "GER-ch Net Amateur Gr-B Vor3"]
[Site "Playchess.com INT"]
[Date "2020.04.16"]
[Round "2"]
[White "Saoud, Mohammed Alhussein"]
[Black "Fuerderer, Herbert"]
[Result "1/2-1/2"]
[WhiteElo "1678"]
[BlackElo "1530"]
[PlyCount "124"]
[EventDate "2020.04.16"]
[EventType "swiss (blitz)"]
[EventRounds "9"]
[EventCountry "GER"]
[SourceTitle "CBM 195 Extra"]
[Source "ChessBase"]
[SourceDate "2020.05.31"]
[SourceVersion "1"]
[SourceVersionDate "2020.05.31"]
[SourceQuality "1"]

1. d4 Nf6 2. Nf3 d5 3. c4 e6 4. Nc3 c6 5. Bf4 Bd6 6. Bxd6 Qxd6 7. e3 Nbd7 8. Bd3 Qe7 9. 0-0 0-0 10. e4 dxe4 11. Nxe4 Nxe4 12. Bxe4 Nf6 13. Bc2 Qc7 14. Qd3 g6 15. Ne5 Nd7 16. f4 Qd8 17. Rf3 Nxe5 18. fxe5 f5 19. exf6 Rxf6 20. Raf1 Rxf3 21. Rxf3 Qe7 22. Qe4 Bd7 23. Bb3 Rf8 24. Rxf8+ Qxf8 25. d5 cxd5 26. cxd5 Qc5+ 27. Kf1 Bb5+ 28. Ke1 Qc1+ 29. Bd1 Qxb2 30. dxe6 Qc3+ 31. Kf2 Qd2+ 32. Be2 Qxe2+ 33. Qxe2 Bxe2 34. Kxe2 Kf8 35. Ke3 Ke7 36. Kf4 Kxe6 37. Kg5 Kf7 38. Kh6 Kg8 39. Kg5 b5 40. Kf6 a5 41. Ke5 b4 42. Kd4 a4 43. Kc4 b3 44. axb3 axb3 45. Kxb3 Kf7 46. Kc4 Kf6 47. Kd4 Kf5 48. Ke3 Kg4 49. Kf2 h5 50. Ke2 g5 51. Ke3 h4 52. Kf2 Kf4 53. Ke2 g4 54. Kf2 Ke4 55. Ke2 Kf4 56. Kf2 g3+ 57. hxg3+ hxg3+ 58. Ke2 Ke4 59. Kd2 Kd4 60. Ke2 Ke4 61. Kd2 Kd4 62. Ke2 Ke4 1/2-1/2

[Event "GER-ch Net Amateur Gr-B Vor3"]
[Site "Playchess.com INT"]
[Date "2020.04.16"]
[Round "3"]
[White "Saoud, Mohammed Alhussein"]
[Black "Unbehend, Marius"]
[Result "1-0"]
[WhiteElo "1678"]
[BlackElo "1603"]
[PlyCount "83"]
[EventDate "2020.04.16"]
[EventType "swiss (blitz)"]
[EventRounds "9"]
[EventCountry "GER"]
[SourceTitle "CBM 195 Extra"]
[Source "ChessBase"]
[SourceDate "2020.05.31"]
[SourceVersion "1"]
[SourceVersionDate "2020.05.31"]
[SourceQuality "1"]

1. d4 e6 2. Nf3 d5 3. c4 c6 4. Nc3 f5 5. g3 Nf6 6. Bg2 Bd6 7. 0-0 0-0 8. Ne5 Nbd7 9. f4 Ne4 10. e3 Ndf6 11. Bd2 Qe8 12. cxd5 exd5 13. Nxe4 Nxe4 14. Bc3 Be6 15. Qb3 Qe7 16. a4 a6 17. Ba5 Bf7 18. Bf3 Rab8 19. Qb6 Rfc8 20. Qb3 Bc7 21. Bb4 Bd6 22. Bxd6 Qxd6 23. Rfd1 Rc7 24. Rac1 Qd8 25. Be2 Qe8 26. Qb6 Rcc8 27. a5 Bh5 28. Rc2 Bxe2 29. Rxe2 Qh5 30. Rde1 Qe8 31. Kg2 Nd6 32. Rc2 Ne4 33. Rec1 Qd8 34. Qb3 Qd6 35. Qd3 Rc7 36. Qb3 Qe7 37. Rxc6 Rxc6 38. Nxc6 Qc7 39. Qxd5+ Kh8 40. Nxb8 Qxb8 41. Qxf5 Qd8 42. Rc8 1-0

[Event "GER-ch Net Amateur Gr-B Vor3"]
[Site "Playchess.com INT"]
[Date "2020.04.16"]
[Round "6"]
[White "Singh, Marcel"]
[Black "Saoud, Mohammed Alhussein"]
[Result "1-0"]
[WhiteElo "1979"]
[BlackElo "1678"]
[PlyCount "79"]
[EventDate "2020.04.16"]
[EventType "swiss (blitz)"]
[EventRounds "9"]
[EventCountry "GER"]
[SourceTitle "CBM 195 Extra"]
[Source "ChessBase"]
[SourceDate "2020.05.31"]
[SourceVersion "1"]
[SourceVersionDate "2020.05.31"]
[SourceQuality "1"]

1. e4 c6 2. d4 d5 3. exd5 cxd5 4. c4 Nc6 5. cxd5 Qxd5 6. Nf3 Bg4 7. Nc3 Qd7 8. d5 Bxf3 9. gxf3 Rd8 10. dxc6 Qxc6 11. Qa4 Qxa4 12. Nxa4 e5 13. Bb5+ Ke7 14. Bd2 f6 15. Rd1 Kf7 16. Bc4+ Kg6 17. Ke2 a6 18. Bd3+ Kf7 19. Ba5 Rd4 20. Nc3 b5 21. Be4 Ne7 22. Rxd4 exd4 23. Nd5 Nc6 24. Bb6 Bd6 25. Kd3 g6 26. Nxf6 Nb4+ 27. Kxd4 Kxf6 28. a3 Be5+ 29. Kc5 Na2 30. Ra1 Rc8+ 31. Bc6 Bxb2 32. Rxa2 Be5 33. h3 h5 34. Rd2 g5 35. Rd8 Rxd8 36. Bxd8+ Kf5 37. Kd5 Bb2 38. Be7 Kf4 39. Ke6 a5 40. Bd6+ 1-0